00405nam a2200133Ia 4500008004100000020001500041100002100056245002800077250000700105260002800112300001000140952010600150999001500256211105s9999 xx 000 0 und d aVYASA07395 aDavis Roy Eugene 0aLife Surrendered In God a\N bmotilal Banarsidassc\N a298p. 00102ddc40708DYPSaSVYASAbSVYASAcR3.9Dd2002-11-17p05425r2021-11-09 00:00:00w2021-11-09yBKS c4208d4208